LEADER 01090nam0-2200361li-450 001 990000171980203316 005 20180312154815.0 035 $a0017198 035 $aUSA010017198 035 $a(ALEPH)000017198USA01 035 $a0017198 100 $a20001109d1990----km-y0itay0103----ba 101 0 $aeng 102 $aUS 200 1 $aSecurity in IBM systems$fSead Muftic 210 $aNew York$cComputer Technology Research$dcopyr. 1990 215 $a137 p.: ill.$d28 cm 610 1 $aarchivi di dati controllo 610 1 $aibm (microelaboratore) 676 $a0058$9Sicurezza dei dati 700 1$aMuftic,$bSead$0753384 801 $aSistema bibliotecario di Ateneo dell' Università di Salerno$gRICA 912 $a990000171980203316 951 $a005.8 MUF$b0013659$c005.8$d00106564 959 $aBK 969 $aSCI 979 $c19920518 979 $c20001110$lUSA01$h1712 979 $aALANDI$b90$c20010327$lUSA01$h1743 979 $c20020403$lUSA01$h1625 979 $aPATRY$b90$c20040406$lUSA01$h1612 996 $aSecurity in IBM systems$91515520 997 $aUNISA LEADER 02217nam0 2200577 i 450 001 VAN0102557 005 20220208084653.963 017 70$2N$a978-1-4471-6422-7 100 $a20150910d2014 |0itac50 ba 101 $aeng 102 $aGB 105 $a|||| ||||| 200 1 $aPotential theory$fLester L. Helms 205 $a2. ed 210 $aLondon$cSpringer$d2014 215 $aXIV, 485 p.$d24 cm 410 1$1001VAN0024506$12001 $aUniversitext$1210 $aBerlin [etc]$cSpringer$d1930- 500 1$3VAN0239566$aPotential theory$9820733 606 $a60Jxx$xMarkov processes [MSC 2020]$3VANC019842$2MF 606 $a31Axx$xTwo-dimensional potential theory [MSC 2020]$3VANC030983$2MF 606 $a31Bxx$xHigher-dimensional potential theory [MSC 2020]$3VANC030984$2MF 606 $a31Cxx$xGeneralizations of potential theory [MSC 2020]$3VANC030985$2MF 610 $aAbsorbing Boundary$9KW:K 610 $aBrownian Motion$9KW:K 610 $aCapacity$9KW:K 610 $aCartan's Energy Principle$9KW:K 610 $aCauchy Initial Value Problem$9KW:K 610 $aChoquet$9KW:K 610 $aDirichlet problem$9KW:K 610 $aFine Topology$9KW:K 610 $aGauss Integral$9KW:K 610 $aGreen Functions$9KW:K 610 $aGreenian Set$9KW:K 610 $aHarmonic Functions$9KW:K 610 $aHarmonic Measure$9KW:K 610 $aIrregular Boundary Point$9KW:K 610 $aKelvin Tranformation$9KW:K 610 $aMethod of Images$9KW:K 610 $aNeumann Problem$9KW:K 610 $aNewtonian Potential$9KW:K 620 $aGB$dLondon$3VANL000015 700 1$aHelms$bLester L.$3VANV070238$0524785 712 $aSpringer $3VANV108073$4650 801 $aIT$bSOL$c20240614$gRICA 856 4 $uhttp://dx.doi.org/10.1007/978-1-4471-6422-7$zE-book ? Accesso al full-text attraverso riconoscimento IP di Ateneo, proxy e/o Shibboleth 899 $aBIBLIOTECA CENTRO DI SERVIZIO SBA$2VAN15 912 $fN 912 $aVAN0102557 950 $aBIBLIOTECA CENTRO DI SERVIZIO SBA$d15CONS SBA EBOOK 4352 $e15EB 4352 20191106 996 $aPotential theory$9820733 997 $aUNICAMPANIA